| 000 | 01684nam a2200361 c 4500 | ||
|---|---|---|---|
| 003 | BLK | ||
| 005 | 20180422111214.0 | ||
| 008 | 180409b bul|||||r ||||||| ||bul|| | ||
| 010 | _aKNG00132337000 | ||
| 040 | _aBLK | ||
| 041 |
_aBUL _cBUL |
||
| 080 |
_aСвещено писание. Библия. Стар и Нов завет _b22 _x(02.053.2) _z22(02.053.2) |
||
| 700 | 1 |
_aЛазарова, Ваня Тодорова _eсъстав. и ред. _9377679 |
|
| 700 | 1 |
_aЛазарова, Ваня Тодорова _eпрев. от итал. _9377679 |
|
| 139 |
_aБиблия в образ и слово _bБ 44 |
||
| 245 | 1 | 0 |
_aБиблия в образ и слово _bРазкази от Стария и Новия завет за деца _cсъстав. и ред. Ваня Тодорова Лазарова; прев. от итал. Ваня Тодорова Лазарова. |
| 257 | _aSB | ||
| 260 |
_аСофия _bРОЗИМ _c1991 |
||
| 300 |
_a94 с. _bс цв. ил. _c22 см |
||
| 380 | _a2 | ||
| 500 | _aИзползвани са материали и от Scuola Biblica del Centro Ut Unum Sint. - 5 000 тир. | ||
| 650 | 4 |
_aБиблия - изучаване - в детската градина _9264010 |
|
| 653 | _aБиблия | ||
| 653 | _aСтар Завет | ||
| 653 | _aНов Завет | ||
| 653 | _aлитература за деца | ||
| 653 | _aдетска литература | ||
| 852 | _aЦб 183888 | ||
| 856 | 4 |
_qpdf _u |
|
| 856 | 4 |
_qpdf _u |
|
| 942 |
_cKNG _n0 |
||
| 944 |
_aCR _c23.07.2012 _l23.07.2012 - от С1,Р / 23.07.2012 _kСевдалина_Василева |
||
| 944 |
_aED _c26.09.2017 _l23.07.2012 - от С1,Р / 23.07.2012 _kСевдалина_Василева |
||
| 999 |
_c126649 _d126649 |
||